LIBRARY ONLINE CATALOGUE

Ecology : (Record no. 3423)

MARC details
000 -LEADER
fixed length control field 00566cam a22002052 4500
001 - CONTROL NUMBER
control field 0000009278
005 - DATE AND TIME OF LATEST TRANSACTION
control field 20151217145849.0
008 - FIXED-LENGTH DATA ELEMENTS--GENERAL INFORMATION
fixed length control field 080921s xx 000 0 eng d
020 ## - INTERNATIONAL STANDARD BOOK NUMBER
International Standard Book Number 0071101974 :
Terms of availability BSP 38
040 ## - CATALOGING SOURCE
Original cataloging agency KABU
Transcribing agency KABU
050 #0 - LIBRARY OF CONGRESS CALL NUMBER
Classification number QH541
Item number .M65 2008
100 1# - MAIN ENTRY--PERSONAL NAME
Personal name Molles, Manuel C.
-- 0000160463
245 10 - TITLE STATEMENT
Title Ecology :
Remainder of title concepts and applications.
260 ## - PUBLICATION, DISTRIBUTION, ETC. (IMPRINT)
Place of publication, distribution, etc. Boston :
Name of publisher, distributor, etc. McGraw-Hill,
Date of publication, distribution, etc. 2008.
300 ## - PHYSICAL DESCRIPTION
Extent xx, 604 p.
650 #0 - SUBJECT ADDED ENTRY--TOPICAL TERM
Topical term or geographic name as entry element Ecology.
-- 0000155307
908 ## - PUT COMMAND PARAMETER (RLIN)
Put command parameter 080921
950 ## - LOCAL HOLDINGS (RLIN)
-- 1
Holdings
Withdrawn status Lost status Source of classification or shelving scheme Not for loan Home library Current library Date acquired Total Checkouts Full call number Barcode Date last seen Date last checked out Price effective from Koha item type
    Library of Congress Classification   Kabarak, Main Campus Kabarak, Main Campus 17/12/2015 1 QH541 .M65 2008 c. 1 009161 16/02/2018 31/01/2018 17/12/2015 General Collection